00337cam a22001217a 4500008004000000082001600040100002000056245004000076260002800116300001000144650004100154650002000195180718b1969 xxu||||| |||| 00| 0 eng d aA6x547 G959 aGupta, Hari Ram aThe Kutch affaircby Hari Ram Gupta aDelhibU.G. Kapurc1969 a522p. aIndia - Foreign Relations - Pakistan aKutch - History